[Event "75th ch-RUS w 2025"]
[Site "Moscow RUS"]
[Date "2025.10.04"]
[Round "4.2"]
[White "Shuvalova, Polina"]
[Black "Gunina, Valentina"]
[Result "1-0"]
[WhiteTitle "IM"]
[BlackTitle "GM"]
[WhiteElo "2479"]
[BlackElo "2405"]
[WhiteFideId "24171760"]
[BlackFideId "4167570"]
[EventDate "2025.10.01"]

1. d4 d5 2. c4 c6 3. Nf3 Nf6 4. Nc3 e6 5. Bg5 Nbd7 6. e3 Qa5 7. Nd2 dxc4 8. Bxf6
Nxf6 9. Nxc4 Qc7 10. g3 Be7 11. Bg2 O-O 12. O-O Rd8 13. Qe2 Nd5 14. Rac1 Bd7 15.
Ne4 Be8 16. Ne5 b6 17. a3 Qb7 18. Rc2 a5 19. Rfc1 Rac8 20. h4 Rc7 21. Ng5 Bf6
22. e4 Bxg5 23. hxg5 Ne7 24. Qe3 Rcc8 25. Ng4 Bd7 26. Bf3 Ng6 27. e5 Kf8 28. Kg2
Ne7 29. Rh1 Nf5 30. Qf4 Qa6 31. Rxh7 Qd3 32. Be4 Qxd4 33. Rd2 Qa4 34. Rxd7 Rxd7
35. Rh8+ Ke7 36. Rxc8 c5 37. Nf6 Rd8 38. Ng8+ Kd7 39. Bxf5 Qxf4 40. Rxd8+ Kxd8
41. gxf4 exf5 42. Nh6 1-0

[Event "75th ch-RUS w 2025"]
[Site "Moscow RUS"]
[Date "2025.10.04"]
[Round "4.3"]
[White "Bodnaruk, Anastasia"]
[Black "Zhapova, Yana"]
[Result "0-1"]
[WhiteTitle "IM"]
[BlackTitle "FM"]
[WhiteElo "2362"]
[BlackElo "2292"]
[WhiteFideId "4181751"]
[BlackFideId "24278670"]
[EventDate "2025.10.01"]

1. e4 e5 2. Nf3 Nc6 3. Bb5 a6 4. Ba4 Nf6 5. O-O Nxe4 6. d4 b5 7. Bb3 d5 8. dxe5
Be6 9. c3 Bc5 10. Nd4 Nxe5 11. a4 O-O 12. axb5 axb5 13. Rxa8 Qxa8 14. Nxb5 Bb6
15. Bc2 Bg4 16. Qe1 Qc6 17. Nd4 Bxd4 18. Bxe4 Bxf2+ 19. Qxf2 dxe4 20. Qg3 Qe6
21. Be3 Nd3 22. Nd2 c5 23. h3 Be2 24. Ra1 h6 25. Ra7 Re8 26. Rc7 Bh5 27. b4 Nc1
28. Qh4 Ne2+ 29. Kf2 Qf5+ 30. Ke1 Nc1 31. g4 Qe5 32. Rd7 Nd3+ 33. Kd1 Bg6 34.
Rd8 cxb4 35. Rxe8+ Qxe8 36. cxb4 Nxb4 37. Qg3 Qa4+ 38. Ke2 Qb5+ 39. Kf2 f5 40.
Qd6 Nd3+ 41. Kg2 Bf7 42. Qd8+ Kh7 43. Qe7 Ne5 44. Kf2 fxg4 45. Nxe4 Qd5 46. Bf4
Qd4+ 0-1

[Event "75th ch-RUS w 2025"]
[Site "Moscow RUS"]
[Date "2025.10.04"]
[Round "4.4"]
[White "Shukhman, Anna"]
[Black "Girya, Olga"]
[Result "1-0"]
[WhiteTitle "WGM"]
[BlackTitle "GM"]
[WhiteElo "2404"]
[BlackElo "2401"]
[WhiteFideId "54180058"]
[BlackFideId "4195752"]
[EventDate "2025.10.01"]

1. e4 e5 2. Nf3 Nc6 3. Bb5 Nf6 4. d3 Bc5 5. c3 O-O 6. O-O d6 7. Nbd2 Bb6 8. a4
Ne7 9. d4 exd4 10. cxd4 a6 11. Bd3 Nc6 12. a5 Bxd4 13. Nxd4 Nxd4 14. b4 Ng4 15.
Bb2 c5 16. Bxd4 cxd4 17. Nf3 b5 18. Bc2 Qf6 19. Qxd4 Ne5 20. Nd2 Bb7 21. Bb3 Qf4
22. Rad1 Rad8 23. Bd5 Bxd5 24. Qxd5 Rfe8 25. Qb7 d5 26. g3 Qh6 27. exd5 Qd6 28.
Rfe1 Qxb4 29. Kg2 f5 30. Re3 Qd6 31. Nf3 Re7 32. Qxe7 Qxe7 33. Rxe5 Qc7 34. Re6
Qxa5 35. d6 Qb6 36. Ne5 b4 37. Re7 b3 38. Nf7 Rd7 39. Rxd7 Qc6+ 40. Kh3 Qxd7 41.
Ne5 Qe8 42. Kg2 b2 43. d7 Qd8 44. Rb1 Qa8+ 45. f3 h5 46. Nc6 1-0

[Event "75th ch-RUS w 2025"]
[Site "Moscow RUS"]
[Date "2025.10.04"]
[Round "4.5"]
[White "Garifullina, Leya"]
[Black "Goltseva, Ekaterina"]
[Result "1-0"]
[WhiteTitle "IM"]
[BlackTitle "FM"]
[WhiteElo "2453"]
[BlackElo "2347"]
[WhiteFideId "34127035"]
[BlackFideId "24173770"]
[EventDate "2025.10.01"]

1. e4 e5 2. Nf3 Nc6 3. d4 exd4 4. Nxd4 Qf6 5. Ne2 Bc5 6. Nf4 d6 7. Be2 Qd8 8.
O-O Nf6 9. Nc3 O-O 10. Kh1 Re8 11. f3 a6 12. Bd2 Nd4 13. Bd3 Nd7 14. Qe1 Ne5 15.
Qg3 c6 16. Nh5 Ng6 17. Bg5 f6 18. Be3 Re5 19. Nf4 Nf8 20. Qf2 Nde6 21. Nxe6 Bxe6
22. f4 Bxe3 23. Qxe3 Rh5 24. Be2 Rh6 25. f5 Bf7 26. Rad1 Qe7 27. Qb6 Rd8 28. h3
g6 29. Bg4 gxf5 30. exf5 d5 31. Rfe1 Qd7 32. Na4 Re8 33. Qf2 Qd6 34. Rxe8 Bxe8
35. Qe3 Rh4 36. Qxe8 Qf4 37. Bh5 Qh6 38. Bf7+ Kg7 39. Rd3 Qf4 40. Nc5 1-0

[Event "75th ch-RUS w 2025"]
[Site "Moscow RUS"]
[Date "2025.10.04"]
[Round "4.6"]
[White "Charochkina, Daria"]
[Black "Potapova, Margarita"]
[Result "1-0"]
[WhiteTitle "IM"]
[BlackTitle "WIM"]
[WhiteElo "2274"]
[BlackElo "2275"]
[WhiteFideId "4180917"]
[BlackFideId "14126869"]
[EventDate "2025.10.01"]

1. d4 Nf6 2. c4 e6 3. Nc3 Bb4 4. a3 Bxc3+ 5. bxc3 b6 6. f3 Nc6 7. e4 Na5 8. Bd3
Ba6 9. Qe2 c5 10. Nh3 cxd4 11. cxd4 d6 12. Rb1 Rc8 13. Bg5 h6 14. Bh4 Qc7 15.
O-O Nd7 16. f4 O-O 17. f5 Bxc4 18. Rbd1 e5 19. f6 g6 20. Rc1 b5 21. Qe3 Kh7 22.
Bg5 exd4 23. Qg3 Rh8 24. Bxh6 Kg8 25. Bg7 Rh5 26. Nf4 Qc5 27. Nxh5 Qxh5 28. Qxd6
Nf8 29. Bxf8 Rxf8 30. Rf3 Qg5 31. Rcf1 Nb7 32. Qxd4 Rd8 33. Qc3 Nd6 34. e5 Nf5
35. Bxf5 Bxf1 36. Kxf1 Rd1+ 37. Ke2 Rc1 38. Qd2 Qxg2+ 39. Rf2 Qg1 40. Bc2 Qg4+
41. Ke3 Ra1 42. Qd8+ Kh7 43. Qf8 Re1+ 44. Kd2 Qg5+ 45. Kxe1 Qc1+ 46. Bd1 Qe3+
47. Kf1 Qd3+ 48. Be2 Qb1+ 49. Kg2 Qe4+ 50. Bf3 1-0

[Event "75th ch-RUS w 2025"]
[Site "Moscow RUS"]
[Date "2025.10.05"]
[Round "5.1"]
[White "Potapova, Margarita"]
[Black "Galliamova, Alisa"]
[Result "1-0"]
[WhiteTitle "WIM"]
[BlackTitle "IM"]
[WhiteElo "2275"]
[BlackElo "2392"]
[WhiteFideId "14126869"]
[BlackFideId "4129725"]
[EventDate "2025.10.01"]

1. d4 d5 2. Nf3 Nf6 3. c4 c6 4. Nc3 e6 5. g3 dxc4 6. Bg2 Nbd7 7. e4 b5 8. O-O b4
9. e5 Nd5 10. Ne4 a5 11. Nfg5 N7b6 12. Qh5 g6 13. Qf3 Ra7 14. Nc5 Bg7 15. Qg4 h6
16. Nge4 Ne7 17. Nd6+ Kf8 18. Qh4 Kg8 19. Re1 Qf8 20. Qe4 Ned5 21. h4 h5 22. a3
b3 23. Bd2 a4 24. Bf1 Ba6 25. Nxa6 Rxa6 26. Nxc4 Nxc4 27. Bxc4 Ra7 28. Rac1 Qa8
29. Qf3 Bf8 30. Bg5 Be7 31. Bxd5 cxd5 32. Rc3 Bxg5 33. hxg5 Qd8 34. Qf4 Kg7 35.
Rec1 Qe7 36. Kg2 Rha8 37. Rc6 Rb8 38. R1c5 Rba8 39. Kf3 Kh7 40. Ke3 Rd8 41. Qf6
Qe8 42. Rc1 Rda8 43. R6c5 Qd7 44. Kf4 Qe8 45. R5c3 Qd7 46. g4 Qe7 47. gxh5 Qxf6+
48. gxf6 Rg8 49. Rh1 g5+ 50. Kg4 Kh6 51. Rhc1 Rf8 52. Rc8 Rxc8 53. Rxc8 Kh7 54.
Kg3 Rb7 55. Kg4 Ra7 56. Kf3 Rb7 57. Ke3 Ra7 58. f3 Rb7 59. Kd3 Ra7 60. Kd2 Rb7
61. Kc3 Rb6 62. Rc7 Kh6 63. Rxf7 Rc6+ 64. Kd3 Kxh5 65. Rh7+ Kg6 66. Rg7+ Kh6 67.
Rg8 Rc7 68. Ke3 Kh7 69. Rxg5 1-0

[Event "75th ch-RUS w 2025"]
[Site "Moscow RUS"]
[Date "2025.10.05"]
[Round "5.2"]
[White "Goltseva, Ekaterina"]
[Black "Charochkina, Daria"]
[Result "0-1"]
[WhiteTitle "FM"]
[BlackTitle "IM"]
[WhiteElo "2347"]
[BlackElo "2274"]
[WhiteFideId "24173770"]
[BlackFideId "4180917"]
[EventDate "2025.10.01"]

1. d4 d5 2. c4 e6 3. Nf3 c5 4. cxd5 exd5 5. Nc3 Nf6 6. Bg5 Be6 7. e3 c4 8. Be2
Bb4 9. O-O Nbd7 10. Qc2 O-O 11. Nd2 Re8 12. f3 h6 13. Bh4 Nf8 14. Kh1 Ng6 15.
Bf2 Qd7 16. e4 Nf4 17. Rae1 b5 18. Be3 Nxe2 19. Rxe2 Bf8 20. Rfe1 dxe4 21. Ndxe4
Nxe4 22. Nxe4 Bd5 23. Bf2 b4 24. Nc5 Qc6 25. Kg1 Rxe2 26. Qxe2 a5 27. Qd2 Re8
28. Rc1 Qg6 29. Bg3 h5 30. Kf1 h4 31. Bxh4 f6 32. Qc2 Qh6 33. Bg3 c3 34. b3 Bxc5
35. dxc5 Bb7 36. Re1 Ba6+ 37. Kg1 Rxe1+ 38. Bxe1 Qe3+ 39. Bf2 Qd2 40. Qe4 Qd1+
41. Be1 Kf7 42. g4 c2 43. g5 c1=Q 44. g6+ Kf8 45. Qa8+ Ke7 46. Qe4+ Kd8 0-1

[Event "75th ch-RUS w 2025"]
[Site "Moscow RUS"]
[Date "2025.10.05"]
[Round "5.3"]
[White "Girya, Olga"]
[Black "Garifullina, Leya"]
[Result "1-0"]
[WhiteTitle "GM"]
[BlackTitle "IM"]
[WhiteElo "2401"]
[BlackElo "2453"]
[WhiteFideId "4195752"]
[BlackFideId "34127035"]
[EventDate "2025.10.01"]

1. d4 Nf6 2. c4 e6 3. Nf3 d5 4. Nc3 Nbd7 5. a3 Be7 6. c5 c6 7. b4 Qc7 8. Bg5 e5
9. e3 h6 10. Bh4 e4 11. Bg3 Qd8 12. Ne5 Nxe5 13. Bxe5 O-O 14. Be2 Nd7 15. Bg3
Bh4 16. O-O Bxg3 17. fxg3 f5 18. b5 Nf6 19. a4 Bd7 20. a5 a6 21. bxa6 bxa6 22.
Qa4 Ne8 23. Rab1 Nc7 24. Rb6 Nb5 25. Qb3 Ra7 26. Na2 g5 27. Nb4 Qc8 28. Qb2 Kg7
29. Qc1 Rf6 30. Qd2 Rf8 31. Rf2 Rf6 32. g4 f4 33. exf4 Bxg4 34. Bxb5 axb5 35.
fxg5 Re6 36. gxh6+ Kh7 37. Qe3 Rxa5 38. Rf7+ Kh8 39. Qg5 Qg8 40. Qxg8+ Kxg8 41.
Rg7+ Kf8 42. Rb8+ 1-0

[Event "75th ch-RUS w 2025"]
[Site "Moscow RUS"]
[Date "2025.10.05"]
[Round "5.4"]
[White "Zhapova, Yana"]
[Black "Shukhman, Anna"]
[Result "0-1"]
[WhiteTitle "FM"]
[BlackTitle "WGM"]
[WhiteElo "2292"]
[BlackElo "2404"]
[WhiteFideId "24278670"]
[BlackFideId "54180058"]
[EventDate "2025.10.01"]

1. e4 c5 2. Nf3 d6 3. Bb5+ Bd7 4. Bxd7+ Nxd7 5. O-O e6 6. d4 cxd4 7. Nxd4 Ngf6
8. Qe2 Rc8 9. c4 Qa5 10. Rd1 a6 11. f3 h5 12. Be3 h4 13. Nd2 Qh5 14. h3 g6 15.
f4 Nc5 16. e5 dxe5 17. fxe5 Qxe5 18. N4f3 Qc7 19. Bg5 Bg7 20. Bxh4 Nh5 21. Ne4
Nxe4 22. Qxe4 O-O 23. Nd2 Bxb2 24. Rab1 Bc3 25. Rxb7 Qd6 26. Qc2 Qc6 27. Rdb1
Nf4 28. Nf3 Qxc4 29. Kh1 Qd5 30. Qf2 Bg7 31. Be7 Rfe8 32. Qh4 Nxg2 33. Kxg2 Rc2+
34. Kg3 Be5+ 35. Nxe5 Qxe5+ 36. Kf3 Qe2+ 0-1

[Event "75th ch-RUS w 2025"]
[Site "Moscow RUS"]
[Date "2025.10.05"]
[Round "5.5"]
[White "Gunina, Valentina"]
[Black "Bodnaruk, Anastasia"]
[Result "0-1"]
[WhiteTitle "GM"]
[BlackTitle "IM"]
[WhiteElo "2405"]
[BlackElo "2362"]
[WhiteFideId "4167570"]
[BlackFideId "4181751"]
[EventDate "2025.10.01"]

1. e4 c5 2. Nf3 d6 3. d4 cxd4 4. Nxd4 Nf6 5. Nc3 a6 6. h3 e5 7. Nb3 Be7 8. g4 h6
9. Bg2 Nbd7 10. h4 Nb6 11. g5 hxg5 12. hxg5 Rxh1+ 13. Bxh1 Nh7 14. a4 Be6 15. a5
Nc4 16. Nd5 Bxg5 17. Qh5 Bxc1 18. Nxc1 Nf8 19. Nd3 Nxa5 20. Qh8 Rc8 21. c3 Nb3
22. Rd1 Bxd5 23. exd5 Qg5 24. Qh3 Rc4 25. f4 exf4 26. Kf1 f5 27. Bf3 Kf7 28. Qh8
Qg3 29. Qh1 Rc8 30. Bh5+ g6 31. Ne5+ dxe5 32. d6 e4 33. d7 Rd8 34. Be2 Kg7 35.
Bc4 Nc5 36. Ke2 0-1

[Event "75th ch-RUS w 2025"]
[Site "Moscow RUS"]
[Date "2025.10.05"]
[Round "5.6"]
[White "Kovalevskaya, Ekaterina"]
[Black "Shuvalova, Polina"]
[Result "1/2-1/2"]
[WhiteTitle "IM"]
[BlackTitle "IM"]
[WhiteElo "2280"]
[BlackElo "2479"]
[WhiteFideId "4116704"]
[BlackFideId "24171760"]
[EventDate "2025.10.01"]

1. Nf3 d5 2. c4 d4 3. b4 g5 4. g3 g4 5. Nh4 e5 6. Bg2 Be7 7. d3 Bxb4+ 8. Nd2 Be7
9. O-O Bxh4 10. gxh4 Ne7 11. Ne4 f5 12. Nf6+ Kf7 13. Nd5 c6 14. Nxe7 Qxe7 15. e3
Qxh4 16. exd4 f4 17. Be4 f3 18. Kh1 exd4 19. Bf4 Nd7 20. Qd2 Rg8 21. Rae1 Nf8
22. Qa5 Be6 23. Qc7+ Qe7 24. Qe5 Qf6 25. Qh5+ Rg6 26. Be5 Qg5 27. Bxg6+ Qxg6 28.
Qh4 c5 29. Bd6 b6 30. Re4 Re8 31. Rfe1 Nd7 32. Rf4+ Kg8 33. Rfe4 Kf7 34. Rf4+
Kg8 35. Rfe4 1/2-1/2

[Event "75th ch-RUS w 2025"]
[Site "Moscow RUS"]
[Date "2025.10.06"]
[Round "6.1"]
[White "Garifullina, Leya"]
[Black "Zhapova, Yana"]
[Result "1/2-1/2"]
[WhiteTitle "IM"]
[BlackTitle "FM"]
[WhiteElo "2453"]
[BlackElo "2292"]
[WhiteFideId "34127035"]
[BlackFideId "24278670"]
[EventDate "2025.10.01"]

1. c4 e5 2. g3 c6 3. Nf3 e4 4. Nd4 d5 5. cxd5 Qxd5 6. Nc2 Nf6 7. Nc3 Qe5 8. Bg2
Na6 9. O-O Be7 10. Rb1 h5 11. d4 exd3 12. exd3 Bg4 13. f3 Be6 14. f4 Qa5 15. Qe2
Kf8 16. Bd2 Nb4 17. Ne3 Bg4 18. Nxg4 hxg4 19. f5 Qa6 20. a3 Nc2 21. Bg5 Nd4 22.
Qd1 Qb6 23. Kh1 Qc7 24. Bxf6 Qxg3 25. Bxe7+ Kg8 26. h4 f6 27. Kg1 Qe3+ 28. Rf2
g3 29. Ne4 gxf2+ 30. Kf1 Rxh4 31. Bc5 Rd8 32. Bxa7 Kh7 33. Rc1 Rd5 34. Rc4 b5
35. Rxd4 Rxd4 36. Bxd4 Qxd4 37. Qd2 c5 38. Nxf2 c4 39. Qe2 Rf4 40. dxc4 bxc4 41.
Bh3 c3 42. bxc3 Qxc3 43. Qh5+ Kg8 44. Qe8+ Kh7 45. Qh5+ Kg8 46. Qe8+ Kh7 1/2-1/2

[Event "75th ch-RUS w 2025"]
[Site "Moscow RUS"]
[Date "2025.10.06"]
[Round "6.2"]
[White "Bodnaruk, Anastasia"]
[Black "Kovalevskaya, Ekaterina"]
[Result "1-0"]
[WhiteTitle "IM"]
[BlackTitle "IM"]
[WhiteElo "2362"]
[BlackElo "2280"]
[WhiteFideId "4181751"]
[BlackFideId "4116704"]
[EventDate "2025.10.01"]

1. e4 c5 2. Nf3 Nc6 3. Bb5 e6 4. O-O Nge7 5. Re1 a6 6. Bf1 d5 7. exd5 Nxd5 8. d4
cxd4 9. Nxd4 Bd7 10. c4 Nf6 11. Nc2 Be7 12. Nc3 O-O 13. a3 Qc7 14. b4 Rad8 15.
Bb2 Bc8 16. Qe2 Bd6 17. g3 e5 18. Nd5 Nxd5 19. cxd5 Ne7 20. Bg2 f6 21. Rac1 Qd7
22. Red1 Rde8 23. Ne1 Ng6 24. Nd3 e4 25. Nc5 Bxc5 26. bxc5 f5 27. c6 bxc6 28.
dxc6 Qf7 29. f4 exf3 30. Qxf3 f4 31. Re1 Rxe1+ 32. Rxe1 Qc7 33. Kh1 fxg3 34.
Qxg3 Qb6 35. Qc3 Qc7 36. Rd1 Qe7 37. Re1 Qc7 38. Qc4+ Kh8 39. Qc5 Qd8 40. Qc3
Qc7 41. Qg3 Qf7 42. h4 Ne7 43. Qc7 Re8 44. Qe5 Bg4 45. Kh2 Bh5 46. c7 Bg4 47.
Rf1 Qg8 48. Qg5 h5 49. Be4 Nf5 50. Rxf5 Bxf5 51. Qxh5+ 1-0

[Event "75th ch-RUS w 2025"]
[Site "Moscow RUS"]
[Date "2025.10.06"]
[Round "6.3"]
[White "Shukhman, Anna"]
[Black "Gunina, Valentina"]
[Result "1-0"]
[WhiteTitle "WGM"]
[BlackTitle "GM"]
[WhiteElo "2404"]
[BlackElo "2405"]
[WhiteFideId "54180058"]
[BlackFideId "4167570"]
[EventDate "2025.10.01"]

1. e4 c5 2. Nf3 Nc6 3. Nc3 e5 4. Bc4 Be7 5. d3 d6 6. Nd2 Nf6 7. Nf1 Bg4 8. f3
Be6 9. Ne3 O-O 10. Bd2 a6 11. a4 Nb4 12. Qe2 b5 13. axb5 axb5 14. Rxa8 Qxa8 15.
Bxb5 Qa1+ 16. Ncd1 Rb8 17. Bc4 Nc6 18. O-O Nh5 19. g3 Bh3 20. Re1 Nd4 21. Qf2
Qb1 22. c3 Ne6 23. Nd5 Bg5 24. Bxg5 Nxg5 25. f4 exf4 26. gxf4 Ne6 27. Qh4 Qc2
28. Qxh3 Nhxf4 29. Nxf4 Nxf4 30. Qg4 Ng6 31. Qe2 Qc1 32. Qe3 Qa1 33. Rf1 Ne5 34.
Bd5 Rf8 35. Qe2 Qa6 36. Ne3 g6 37. Nc4 Kg7 38. Qf2 f5 39. Nxe5 dxe5 40. Qxc5 Qf6
41. exf5 gxf5 42. Kh1 Kh8 43. Rg1 Rd8 44. c4 Re8 45. Rg2 h5 46. Qc6 Qxc6 47.
Bxc6 Rb8 48. Bd7 f4 49. c5 Ra8 50. c6 Ra7 51. Rc2 1-0

[Event "75th ch-RUS w 2025"]
[Site "Moscow RUS"]
[Date "2025.10.06"]
[Round "6.5"]
[White "Charochkina, Daria"]
[Black "Girya, Olga"]
[Result "1-0"]
[WhiteTitle "IM"]
[BlackTitle "GM"]
[WhiteElo "2274"]
[BlackElo "2401"]
[WhiteFideId "4180917"]
[BlackFideId "4195752"]
[EventDate "2025.10.01"]

1. d4 Nf6 2. c4 e6 3. Nc3 Bb4 4. e3 O-O 5. Bd3 c5 6. Ne2 cxd4 7. exd4 d5 8. cxd5
Nxd5 9. O-O Re8 10. a3 Bf8 11. Nxd5 exd5 12. Be3 Nc6 13. Rc1 Bd6 14. Re1 a6 15.
Bb1 Bg4 16. Qd3 g6 17. Ba2 Qh4 18. Nf4 Bxf4 19. Bxf4 Rxe1+ 20. Rxe1 Be6 21. Qd2
Rc8 22. Rc1 Qd8 23. Bg5 f6 24. Bf4 Ne7 25. Re1 Rc6 26. Qb4 Kf7 27. Qxb7 Rb6 28.
Qa7 Rxb2 29. Qxa6 Qc8 30. Qxc8 Nxc8 31. Ra1 Nb6 32. Bd6 Nc4 33. Bc5 Bd7 34. Bb4
Ba4 35. Bb1 Bd7 36. Bd3 Rb3 37. Bc2 Rb2 38. Bd1 Bf5 39. Bc3 Rb1 40. Rxb1 Bxb1
41. Bb4 Nb2 42. Bb3 Ke6 43. a4 Bd3 44. a5 Bb5 45. f3 Nc4 46. Kf2 Nb2 47. Bc3 Nc4
48. h4 f5 49. Bd1 Kd6 50. g4 Ke6 51. Kg3 Ne3 52. Bb3 Kf6 53. Bb4 fxg4 54. fxg4
h5 55. Kf3 Nc4 56. gxh5 gxh5 57. Kf4 Nb2 58. Bd2 Nc4 59. Bb4 Nb2 60. Bd6 Ke6 61.
Bc7 Kd7 62. Be5 Nc4 63. Bd1 Nxa5 64. Bxh5 Bd3 65. Bg4+ Ke7 66. Bf5 Bxf5 67. Kxf5
Kf7 68. h5 Nc6 69. Bf6 Kg8 70. Kg6 1-0

[Event "75th ch-RUS w 2025"]
[Site "Moscow RUS"]
[Date "2025.10.06"]
[Round "6.6"]
[White "Potapova, Margarita"]
[Black "Goltseva, Ekaterina"]
[Result "1/2-1/2"]
[WhiteTitle "WIM"]
[BlackTitle "FM"]
[WhiteElo "2275"]
[BlackElo "2347"]
[WhiteFideId "14126869"]
[BlackFideId "24173770"]
[EventDate "2025.10.01"]

1. d4 Nf6 2. c4 e6 3. Nf3 d5 4. Nc3 Bb4 5. Qb3 a5 6. Bg5 Nc6 7. a3 a4 8. Qc2
Bxc3+ 9. bxc3 Na5 10. e4 dxe4 11. Bxf6 Qxf6 12. Qxe4 Nb3 13. Rd1 Qg6 14. Qxg6
hxg6 15. c5 b6 16. cxb6 cxb6 17. Rb1 Ba6 18. Bxa6 Rxa6 19. Nd2 Na5 20. Ke2 Kd7
21. Kd3 g5 22. h3 Kc7 23. Rhe1 Kd7 24. Rb4 Nc6 25. Rb5 f6 26. Nc4 Rb8 27. Reb1
Kc7 28. R5b2 Nd8 29. Ne3 Nc6 30. Nc4 Nd8 31. Re1 Kd7 32. Rh1 Nf7 33. h4 gxh4 34.
Rxh4 b5 35. Nd2 Nd6 36. Rh7 Rg8 37. f4 Rc6 38. g4 Ke7 39. g5 Kf7 40. gxf6 Kxf6
41. Rh5 Rgc8 42. Nb1 R6c7 43. Rbh2 1/2-1/2

[Event "75th ch-RUS w 2025"]
[Site "Moscow RUS"]
[Date "2025.10.08"]
[Round "7.1"]
[White "Gunina, Valentina"]
[Black "Garifullina, Leya"]
[Result "0-1"]
[WhiteTitle "GM"]
[BlackTitle "IM"]
[WhiteElo "2405"]
[BlackElo "2453"]
[WhiteFideId "4167570"]
[BlackFideId "34127035"]
[EventDate "2025.10.01"]

1. d4 Nf6 2. c4 e6 3. Nf3 d5 4. Nc3 Bb4 5. cxd5 exd5 6. Bg5 h6 7. Bh4 O-O 8. e3
Bf5 9. Qb3 Bxc3+ 10. bxc3 Nbd7 11. Be2 c5 12. dxc5 Nxc5 13. Qb4 Rc8 14. O-O g5
15. Bg3 Re8 16. Rad1 a5 17. Qa3 Bd7 18. c4 Nce4 19. Rd4 Qb6 20. Bd3 dxc4 21.
Bxc4 Be6 22. Bxe6 Rxe6 23. Rd3 Qc5 24. Nd4 Rb6 25. Qxc5 Rxc5 26. Bb8 Rc3 27.
Rdd1 Ra3 28. Nf5 Rb5 29. Nd6 Nxd6 30. Rxd6 Kg7 31. Rd2 Ne4 32. Rc2 Rc3 33. Rcc1
Ra3 34. Ba7 Rxa2 35. Bd4+ Kg6 36. Rc8 Nd2 37. Rd1 g4 38. Rg8+ Kh5 39. Rg7 f5 40.
h3 Ne4 41. Rf1 gxh3 42. gxh3 a4 43. Rg8 a3 44. Ra8 Rd5 45. Rf8 Ra5 46. Rf7 Rb5
47. Re7 Rc2 48. Re6 Ng5 49. Rd6 Nf3+ 50. Kg2 Nxd4 51. Rxd4 a2 52. Ra4 Rbb2 53.
Kg3 b5 54. Ra5 b4 55. e4 b3 56. Rxf5+ Kg6 57. Rd1 Rc7 58. Rd6+ Kg7 59. Ra6 Rb1
60. Rb5 Rc3+ 61. Kg4 a1=Q 62. Rb7+ Kf8 63. Rxa1 Rxa1 64. f4 Rf1 65. Kf5 Rcf3 66.
Ke5 Rxf4 67. Rb8+ Kg7 68. Rxb3 Rf8 69. Rg3+ Kf7 70. Ra3 Re8+ 71. Kd4 Rd1+ 72.
Ke3 Re1+ 73. Kf3 R1xe4 74. Ra6 R8e6 75. Ra3 Kg6 76. Ra5 R6e5 77. Ra3 Kg5 78. Kf2
Kh4 79. Kf3 h5 80. Kf2 Rf4+ 81. Kg1 Re2 82. Rb3 Ra4 83. Kf1 Rc2 84. Rb1 Kxh3 85.
Kg1 Ra3 86. Kf1 Kh2 0-1

[Event "75th ch-RUS w 2025"]
[Site "Moscow RUS"]
[Date "2025.10.08"]
[Round "7.2"]
[White "Girya, Olga"]
[Black "Potapova, Margarita"]
[Result "0-1"]
[WhiteTitle "GM"]
[BlackTitle "WIM"]
[WhiteElo "2401"]
[BlackElo "2275"]
[WhiteFideId "4195752"]
[BlackFideId "14126869"]
[EventDate "2025.10.01"]

1. d4 Nf6 2. c4 e6 3. Nf3 d5 4. Nc3 Bb4 5. a3 Bxc3+ 6. bxc3 O-O 7. Qc2 c5 8. e3
Nc6 9. cxd5 exd5 10. dxc5 Re8 11. Bd3 Qa5 12. O-O Bg4 13. Nd4 Qxc5 14. Nxc6 bxc6
15. Bb2 Be6 16. c4 dxc4 17. Bxf6 gxf6 18. Bxh7+ Kg7 19. Be4 Rh8 20. Rfd1 Rab8
21. Qc3 Rh4 22. Bc2 Rbh8 23. h3 Bxh3 24. Rd4 Be6 25. Rxh4 Rxh4 26. Bd1 Qg5 27.
Bf3 Bd5 28. e4 Bxe4 29. Bxe4 Rxe4 30. Rd1 Qe5 31. Qxe5 Rxe5 32. Rc1 Re4 33. f3
Rd4 34. Kf2 f5 35. Rb1 f4 36. Rb4 Kf6 37. Ra4 Ke6 38. Ra6 Kd6 39. Ra4 a5 40. g3
fxg3+ 41. Kxg3 c5 0-1

[Event "75th ch-RUS w 2025"]
[Site "Moscow RUS"]
[Date "2025.10.08"]
[Round "7.3"]
[White "Zhapova, Yana"]
[Black "Charochkina, Daria"]
[Result "0-1"]
[WhiteTitle "FM"]
[BlackTitle "IM"]
[WhiteElo "2292"]
[BlackElo "2274"]
[WhiteFideId "24278670"]
[BlackFideId "4180917"]
[EventDate "2025.10.01"]

1. e4 e5 2. Nf3 Nc6 3. Bc4 Bc5 4. d3 Nf6 5. Bg5 h6 6. Bh4 d6 7. c3 a5 8. Nbd2
Ba7 9. a4 Qe7 10. O-O g5 11. Bg3 Bd7 12. Rb1 O-O-O 13. b4 Rdg8 14. d4 h5 15. b5
Nd8 16. dxe5 dxe5 17. Bxe5 g4 18. Bxf6 Qxf6 19. Nd4 h4 20. Bd5 g3 21. Nc4 Bg4
22. f3 h3 23. fxg4 gxh2+ 24. Kxh2 hxg2+ 25. Kxg2 Qh4 26. Rh1 Rxg4+ 27. Kf3 Rf4+
28. Ke2 Qf2+ 29. Kd3 Bxd4 30. Rxh8 Rf3+ 31. Qxf3 Qxf3+ 32. Kxd4 Qf6+ 33. Kd3
Qxh8 34. Nxa5 f5 35. exf5 Qh3+ 36. Kc4 Qxf5 37. Re1 Qf2 38. Re5 Qf4+ 39. Re4 Qd6
40. Rd4 Qa3 41. Kd3 Qc1 42. Kc4 Qc2 43. Kb4 Qb2+ 44. Kc4 Kb8 45. Nxb7 Nxb7 46.
Bxb7 Kxb7 47. Kd3 Qa2 48. Rb4 Qd5+ 49. Rd4 Qf5+ 50. Kd2 Kb6 51. Rb4 Qf2+ 52. Kd3
Qg2 53. Rd4 Qg6+ 54. Kd2 Kc5 55. Rb4 Qg2+ 56. Kd3 Qa2 57. Rd4 Qb1+ 58. Kd2 Qb2+
59. Kd3 Qb1+ 60. Kd2 Qf5 61. Rb4 Qf2+ 62. Kd3 Qf1+ 63. Kd2 Qf2+ 64. Kd3 Qa2 65.
Rd4 Qg8 66. Rb4 Qg6+ 67. Kd2 Qg2+ 68. Kd3 Qf3+ 69. Kd2 Qd5+ 70. Rd4 Qb3 71. Rb4
Qe6 72. Kd3 Qf7 73. Rd4 Qf5+ 74. Kd2 Qf2+ 75. Kd3 Qf3+ 76. Kd2 Qf1 77. Rb4 Kb6
78. Rd4 Qb1 79. Rb4 Qa2+ 80. Kd3 Ka5 81. Rd4 Qb2 82. Rb4 Qc1 83. Rd4 Qd1+ 84.
Ke3 Qe1+ 85. Kd3 Kb6 86. Rb4 Qd1+ 87. Ke3 Kc5 88. Rd4 Qc2 0-1

[Event "75th ch-RUS w 2025"]
[Site "Moscow RUS"]
[Date "2025.10.08"]
[Round "7.5"]
[White "Kovalevskaya, Ekaterina"]
[Black "Shukhman, Anna"]
[Result "1/2-1/2"]
[WhiteTitle "IM"]
[BlackTitle "WGM"]
[WhiteElo "2280"]
[BlackElo "2404"]
[WhiteFideId "4116704"]
[BlackFideId "54180058"]
[EventDate "2025.10.01"]

1. e4 c5 2. c3 Nf6 3. e5 Nd5 4. Bc4 Nb6 5. Bb3 d6 6. exd6 Qxd6 7. Nf3 c4 8. Bc2
Bg4 9. O-O Nc6 10. Qe2 e6 11. b3 Qf4 12. Qe4 Bd6 13. d4 Qxe4 14. Bxe4 Rc8 15.
Ba3 Bxf3 16. Bxf3 Bxa3 17. Nxa3 Na5 18. Nb5 Kd7 19. b4 Nc6 20. Bxc6+ bxc6 21.
Na3 f6 22. Rfc1 Rhe8 23. Kf1 e5 24. dxe5 Rxe5 25. Re1 Rce8 26. Rad1+ Rd5 27.
Rxd5+ Nxd5 28. Rxe8 Kxe8 29. Nxc4 Nxc3 30. a3 Kd7 31. Ke1 c5 32. bxc5 Kc6 33.
Nd6 g6 34. Kd2 Nb1+ 35. Kd3 Nxa3 36. Ne4 f5 37. Ng5 Kxc5 38. Nxh7 Kd5 39. Nf8 g5
40. Nh7 g4 41. h3 gxh3 42. gxh3 Ke5 43. Ng5 Nb5 44. Nf3+ Kf4 45. Nh4 a5 46. Kc4
Nd6+ 47. Kb3 Ne4 48. Ka4 Nxf2 1/2-1/2